Statistics for WWE Hardcore Champions

Click here to take the quiz!

General Stats

  • This quiz has been taken 307 times
  • The average score is 147 of 239

Answer Stats

HintAnswer% Correct
1998Mankind
90%
2001Kane
86%
1999 | 2000 | 2001Hardcore Holly
85%
2000 | 2001 | 2002Crash Holly
82%
2001 | 2002Jeff Hardy
80%
2001 | 2002Big Show
79%
2000Matt Hardy
79%
2001 | 2002Rob Van Dam
79%
2000 | 2001 | 2002Raven
78%
2002Might Molly
75%
2001Undertaker
75%
2000Godfather's Ho
73%
2002Spike Dudley
73%
2000 | 2001Test
72%
2002Bubba Ray Dudley
71%
2002Christian
71%
2000Shane McMahon
69%
1999 | 2001Billy Gunn
68%
1998Road Dogg
68%
1999 | 2001 | 2002Al Snow
67%
2001Chris Jericho
67%
1998 | 1999The Big Bossman
66%
2002Bradshaw
64%
2002Maven
64%
2002Tommy Dreamer
64%
2002Goldust
61%
2002Booker T
60%
2001Kurt Angle
60%
2000 | 2001Steve Blackman
60%
2002Hurricane
57%
2000Tazz
57%
2000Perry Saturn
55%
2001Rhyno
50%
2002Steven Richards
50%
2000Viscera
50%
2002William Regal
49%
2000Gerald Brisco
44%
2000Pat Patterson
44%
2000Funaki
42%
2000Pete Gas
40%
2002Trish Stratus
40%
2001Mike Awesome
38%
1999 | 2000The British Bulldog
38%
2001K-Kwik
34%
2000Joey Abs
31%
2002Justin Credible
31%
2000Rodney
31%
2000Thrasher
31%
2002Shawn Stasiak
30%
2002Terri
28%
2002Christopher Nowinski
25%
2002Johnny Stamboli
23%

Score Distribution

Percentile by Number Answered

Percent of People with Each Score

Your Score History

You have not taken this quiz